000
00299nam a2200121Ia 4500
008
211105s9999 xx 000 0 und d
020
_a
VYASA05301
100
_a
Singh Inderbir
245
0
_a
Human Histology
250
_a
\N
260
_b
Jeypee BrothersMedical Publishers [p] Ltd
_c
\N
300
_a
310p.
999
_c
7279
_d
7279